000 00353nam a22001337a 4500
020 _a9780079111715
040 _cNust
082 _a621.3822
_bTAY
100 _aFred J. Taylor
_977320
245 _aPrinciples of signal and system
260 _aNew York:
_bMcGraw -Hill,
_c1994.
650 _aPrinciples of signal and system
_9125958
942 _2ddc
_cBK
999 _c611626
_d611626